000 00396nam a2200169 i 4500
001 bg
100 1 _aDVORAK, Jiri
245 0 _aElektrochemie /
_cJ. Dvorak, J. Koryta, V. Bohackova.
260 _aPraga,
_c1966.
700 1 _aKORYTA, Jiri
700 1 _aBOHACKOVA, Vlasta
040 _cBPK
041 _apol
080 _a541.13
942 _cKS
008 s pl f |000 0 pol
999 _c11705
_d11705
856 _uhttp://koha.tu.koszalin.pl/cgi-bin/koha/opac-detail.pl?biblionumber=11705
_yKatalog online BPK